000 00404nam a2200157 i 4500
001 bg
100 1 _aCHABŁOWSKI, Jerzy
245 0 _aElektronika w pytaniach i odpowiedziach /
_cJ. Chabłowski, W. Skulimowski.
260 _aWarszawa,
_c1978.
700 1 _aSKULIMOWSKI, Wojciech
040 _cBPK
041 _apol
080 _a621.38:537
942 _cKS
008 s pl f |000 0 pol
999 _c9967
_d9967
856 _uhttp://koha.tu.koszalin.pl/cgi-bin/koha/opac-detail.pl?biblionumber=9967
_yKatalog online BPK